A Szovjet táncosok-magyar táncosok a tápéi népi együttes sokat tanult a Szovjetunió Állami Népi Táncegyüttesétől és boldogan mutatta be számukra tudását

Elmentve itt :
Bibliográfiai részletek
Dokumentumtípus: Cikk
Megjelent: 1951-04-21
Sorozat:Délmagyarország
Kulcsszavak:Mojseev Igor' Aleksandrovič, Waldmann József, Néptáncegyüttes fellépése Szeged 1951, Tápé
Online Access:http://dmarchiv.bibl.u-szeged.hu/60945
LEADER 00615nab a2200145 i 4500
001 delm60945
005 20180927144540.0
008 180927s1951 hu o 0|| hun d
040 |a SZTE Délmagyarország Archívum  |b hun 
041 |a hun 
245 0 2 |a A Szovjet táncosok-magyar táncosok   |h [elektronikus dokumentum] :  |b a tápéi népi együttes sokat tanult a Szovjetunió Állami Népi Táncegyüttesétől és boldogan mutatta be számukra tudását 
260 |c 1951-04-21 
300 |a 2 
490 0 |a Délmagyarország 
695 |a Mojseev Igor' Aleksandrovič, Waldmann József, Néptáncegyüttes fellépése Szeged 1951, Tápé